000 01010nam a2200253Ia 4500
003 OSt
005 20221005112818.0
006 a|||||r|||| 00| 0
007 ta
008 221004b |||||||| |||| 00| 0 pan d
020 _a8182990807 (hbk)
_c270
024 _a104460
037 _b7830/VIII, 31/01/2011, Arsee Publishers
_cTextual
040 _aCRL
_cCRL
_bpan
041 _2pan
_apan
082 _aO153,1M27,1:g, P6
100 _aਾਹ, ਸੱਯਦ ਖ਼ਗ਼ਲl ਮਨਜੀਤ ਸਿੰਘ, ਥਦ।
_9624415
245 0 _aਸੱਯਦ ਖ਼ਗ਼ਲ ਾਹ ਰਚਿਤ ਕਿ਼ੱਸਾ ਸੋਹਣੀ ਮਹੀਂਵਾਲ
260 _aਦਿੱਲੀ
_bਆਰਸੀ ਭਾਰਤ
_c2006
300 _a102ਪੰ
_ccm.
650 _aਪੰਜਾਬੀ ਸਾਹਿਤ
942 _hO153,1M27,1:g, P6
_cTEXL
_2cc
999 _c1026057
_d1026057